Largest Deserts by Area - Statistics

General Stats
  • This quiz has been taken 420 times
  • The average score is 6 of 16
Answer Stats
Type Area (km2) Desert % Correct
Subtropical 9,400,000 Sahara
99%
Cold Winter 1,300,000 Gobi
89%
Subtropical 900,000 Kalahari
68%
Cold Winter 14,000,000 Antarctica
65%
Subtropical 2,330,000 Arabian
51%
Subtropical 647,000 Great Victoria
24%
Subtropical 310,000 Sonoran
24%
Cold Winter 492,000 Great Basin
22%
Subtropical 400,000 Great Sandy
22%
Cold Winter 670,000 Patagonian
19%
Subtropical 450,000 Chihuahuan
18%
Subtropical 520,000 Syrian
18%
Cold Winter 350,000 Karakum
15%
Cold Winter 270,000 Taklamakan
11%
Cold Winter 300,000 Kyzyl Kum
10%
Cold Winter 337,000 Colorado Plateau
8%
No matching quizzes found
Score Distribution
Percent of People with Each Score
Percentile by Number Answered
Your Score History
You have not taken this quiz